|
|
|
|
| LEADER |
00000naa2a2200000 4500 |
| 001 |
603628 |
| 005 |
20260204105430.0 |
| 035 |
|
|
|a (RuTPU)RU\TPU\conf\824
|
| 035 |
|
|
|a RU\TPU\conf\823
|
| 090 |
|
|
|a 603628
|
| 100 |
|
|
|a 20140129d2013 k y0rusy50 ba
|
| 101 |
0 |
|
|a eng
|
| 102 |
|
|
|a RU
|
| 135 |
|
|
|a drcn ---uucaa
|
| 181 |
|
0 |
|a i
|
| 182 |
|
0 |
|a b
|
| 200 |
1 |
|
|a Investigation of physical and mechanical properties of biocompatible coatings based on silver-hydroxyapatite deposited by radio-frequency magnetron sputtering
|d Исследование физико-механических свойств биосовместимых покрытий на основе серебросодержащего гидроксиапатита, полученных методом ВЧ-магнетронного распыления
|f D. S. Syromotina, A. A. Ivanova, K. S. Kravchuk
|g sci. adv. R. A. Surmenev
|
| 203 |
|
|
|a Текст
|c электронный
|
| 215 |
|
|
|a 1 файл(529 Кб)
|
| 225 |
1 |
|
|a Физика
|
| 300 |
|
|
|a Заглавие с экрана
|
| 320 |
|
|
|a [Библиогр.: с. 190 (5 назв.)]
|
| 330 |
|
|
|a Представлены результаты исследования физико-механических свойств серебросодержащих кальций-фосфатных покрытий на поверхности технически чистого титана и нержавеющей хромоникелевой медицинской стали 12Х18Н10Т, сформированных методом высокочастотного магнетронного распыления. По данным рентгенофазового анализа покрытие имеет кристаллическую структуру.
|
| 337 |
|
|
|a Adobe Reader
|
| 463 |
|
1 |
|0 (RuTPU)RU\TPU\conf\715
|t Перспективы развития фундаментальных наук
|l Prospects of fundamental sciences development
|o сборник научных трудов X Международной конференция студентов и молодых ученых, г. Томск, 23-26 апреля 2013 г.
|f Национальный исследовательский Томский политехнический университет (ТПУ) ; ред. коллегия Е. А. Вайтулевич ; Г. А. Лямина ; Г. А. Воронова ; М. Е. Семенов ; А. В. Устинов ; Н. С. Пушилина
|v [С. 188-190]
|d 2013
|
| 510 |
1 |
|
|a Исследование физико-механических свойств биосовместимых покрытий на основе серебросодержащего гидроксиапатита, полученных методом ВЧ-магнетронного распыления
|z rus
|
| 610 |
1 |
|
|a электронный ресурс
|
| 610 |
1 |
|
|a труды учёных ТПУ
|
| 610 |
1 |
|
|a физико-механические свойства
|
| 610 |
1 |
|
|a биосовместимые покрытия
|
| 610 |
1 |
|
|a серебросодержащие гидроксиапатиты
|
| 610 |
1 |
|
|a ВЧ-распыление
|
| 610 |
1 |
|
|a магнетронное распыление
|
| 700 |
|
1 |
|a Syromotina
|b D. S.
|
| 701 |
|
1 |
|a Ivanova
|b A. A.
|
| 701 |
|
1 |
|a Kravchuk
|b K. S.
|
| 702 |
|
1 |
|a Surmenev
|b R. A.
|c physicist
|c Associate Professor of Tomsk Polytechnic University, Senior researcher, Candidate of physical and mathematical sciences
|f 1982-
|g Roman Anatolievich
|4 695
|
| 712 |
0 |
2 |
|a Национальный исследовательский Томский политехнический университет (ТПУ)
|b Физико-технический институт (ФТИ)
|b Кафедра теоретической и экспериментальной физики (ТиЭФ)
|3 (RuTPU)RU\TPU\col\18726
|
| 801 |
|
1 |
|a RU
|b 63413507
|c 20101016
|
| 801 |
|
2 |
|a RU
|b 63413507
|c 20230323
|g RCR
|
| 856 |
4 |
|
|u http://www.lib.tpu.ru/fulltext/c/2013/C21/060.pdf
|
| 942 |
|
|
|c CF
|